Theoretical analysis of fluctuating lift on the rotor of an axial turbomachine /

Bibliographic Details
Main Author: Henderson, R. E.
Corporate Author: Aeronautical Research Council (Great Britain)
Other Authors: Daneshyar, H.
Format: Book
Language:English
Published: London : Her Majesty's Stationery Office, 1972.
Series:Reports and memoranda (Aeronautical Research Council (Great Britain)) ; no. 3684.
Subjects:

MARC

Tag First Indicator Second Indicator Subfields
LEADER 00000cam a2200000 a 4500
001 in00001402791
005 20151020053037.0
008 971209s1972 enka b f000 0 eng d
035 |a (OCoLC)38057959 
035 |9 AHM6815AM 
040 |a TXA  |c TXA  |d UtOrBLW 
049 |a TXAM 
090 |a TL526.G7  |b A4 no. 3684 
100 1 |a Henderson, R. E. 
245 1 0 |a Theoretical analysis of fluctuating lift on the rotor of an axial turbomachine /  |c by R.E. Henderson and H. Daneshyar. 
264 1 |a London :  |b Her Majesty's Stationery Office,  |c 1972. 
300 |a 28 pages :  |b illustrations ;  |c 28 cm. 
336 |a text  |b txt  |2 rdacontent 
337 |a unmediated  |b n  |2 rdamedia 
338 |a volume  |b nc  |2 rdacarrier 
490 1 |a Aeronautical Research Council. Reports and memoranda ;  |v no. 3684 
500 |a Cover title. 
500 |a "September, 1970" -- page [1]. 
500 |a "Replaces A.R.C. 42 368" -- page [1]. 
504 |a Includes bibliographical references (pages 18-19). 
650 0 |a Lift (Aerodynamics) 
700 1 |a Daneshyar, H. 
710 2 |a Aeronautical Research Council (Great Britain) 
830 0 |a Reports and memoranda (Aeronautical Research Council (Great Britain)) ;  |v no. 3684. 
999 |a MARS 
999 f f |s 74440784-40e5-3fb3-944f-deb8114a9658  |i f8966139-084e-34db-b454-b7c36261b58d  |t 0 
952 f f |p ric  |a Texas A&M University  |b Rellis Campus  |c Joint Library Facility  |d Remote Storage  |t 0  |e TL526.G7 A4 no. 3684  |h Library of Congress classification  |i unmediated -- volume  |m A14821572043 
998 f f |a TL526.G7 A4 no. 3684  |t 0  |l Remote Storage